| 000 | 00457nam a22001697a 4500 | ||
|---|---|---|---|
| 003 | NUST - PNEC | ||
| 005 | 20170116181206.0 | ||
| 008 | 161119b xxu||||| |||| 00| 0 eng d | ||
| 020 | _a- | ||
| 040 | _cLIBRARY | ||
| 082 | _a891.439 KHA | ||
| 100 |
_916850 _aKhalid Irshad Saufi |
||
| 245 |
_aJohar e qabil (Urdu) _cKhalid Irshad Saufi |
||
| 260 |
_aLahore: _bKarwan elm foundation _c2012 |
||
| 650 |
_916851 _aUrdu literature _xGeneral |
||
| 942 |
_2ddc _cBK |
||
| 999 |
_c71650 _d71650 |
||